000 01142nam a2200229Ia 4500
001 L251-17773
003 IT-CnALBA
008 170116s9999||||xx |||||||||||||| ||und||
040 _aIT-CnALBA
_cIT-CnALBA
041 _aITALIANO
100 _aCIPRIANI SETTIMIO, MONS.
245 0 _aNUTRITI DALLA PAROLA. RIFLESSIONI BIBLICO-LITURGICHE. C.
250 _a1a ed.
260 _aCINISELLO BALSAMO (MI)
_bEDIZIONI PAOLINE
_c1979 [1° Ed.:1979 - Ed.Ling.Originale: 1979]
300 _a435 p. (prefazione: 7)
500 _aAVVENTO. GIOIA. S. FAMIGLIA. BATTESIMO DI GESÙ. QUARESIMA. TENTAZIONI. TRASFIGURAZIONE. PASSIONE, MORTE E RISURREZIONE DI GESÙ. TOMMASO. SPIRITO SANTO. DOMENICHE ORDINARIE PER ANNUM. FESTIVITA'.
501 _aSocietà San Paolo EM - Piazza San Paolo, 14 - 12051 ALBA (CN) (non commercial uses only) ® Copyright 2017
520 _aAVVENTO. GIOIA. S. FAMIGLIA. BATTESIMO DI GESÙ. QUARESIMA. TENTAZIONI. TRASFIGURAZIONE. PASSIONE, MORTE E RISURREZIONE DI GESÙ. TOMMASO. SPIRITO SANTO. DOMENICHE ORDINARIE PER ANNUM. FESTIVITA'.
650 _aPREDICAZIONE - ORATORIA SACRA
942 _cBK
957 _71
999 _a22518
_bNO
_g Copie: 1
_c276927
_d276927